000 01097 a2200361 4500
005 20251103113844.0
008 251103b |||||||| |||| 00| 0 eng d
022 _a18352707
041 _aEn
044 _aCIV
090 _bDG/A/1662
100 _aAKANVOU, Louise
100 _aKONAN, Amenan Jacky
100 _a KOUAKOU, Konan Charles
100 _a KADJO, Somala Rebecca
110 _aCentre National de Recherche Agronomique
110 _bCote d'Ivoire
242 _a
245 _aEvaluation of growth performance of cashew (Anacardium occidental L.) hybride seedling using vegetative traits
260 _aKorogho
260 _bCNRA
260 _bUniversity Nangui Abrogoua
260 _cAout 2025
302 _a p.917-927
388 _a2025-11-03
650 _2AGROVOC
_g pepiniere.
650 _gAmelioration genetique
_2AGROVOC
650 _gAnacardier
_2AGROVOC
650 _g Famille hybride
_2AGROVOC
650 _gCaracteristique
_2AGROVOC
650 _gmorphologie
_2AGROVOC
856 _uhttps://ftech.byethost7.com/wp-content/uploads/2025/11/DGA1661.pdf
999 _c5987
_d5987